|
|
|
|
| LEADER |
01527nam a2200301 a 4500 |
| 001 |
14848855 |
| 008 |
121127s2008 maua 001 0 eng d |
| 010 |
|
|
|a 2007020235
|
| 020 |
|
|
|a 9780321526564
|
| 020 |
|
|
|a 0321526562
|
| 020 |
|
|
|a 9780321498052 (alk. paper)
|
| 020 |
|
|
|a 0321498054 (alk. paper)
|
| 040 |
|
|
|a DLC
|c DLC
|d BAKER
|d BTCTA
|d C#P
|d YDXCP
|d DLC
|d BD-DhAAL.
|
| 082 |
0 |
0 |
|a 005.133
|2 22
|
| 100 |
1 |
|
|a Sedgewick, Robert,
|d 1946-
|
| 245 |
1 |
0 |
|a Introduction to programming in Java :
|b an interdisciplinary approach /
|c Robert Sedgewick and Kevin Wayne.
|
| 260 |
|
|
|a Boston :
|b Pearson Addison-Wesley,
|c c2008.
|
| 300 |
|
|
|a xiii, 3-723 p. ;
|b ill. ;
|c 26 cm.
|
| 500 |
|
|
|a Includes index.
|
| 541 |
|
|
|e 00026280
|
| 650 |
|
0 |
|a Java (Computer program language)
|
| 650 |
|
0 |
|a Computer programming.
|
| 700 |
1 |
|
|a Wayne, Kevin Daniel,
|d 1971-
|
| 852 |
4 |
|
|a Ayesha Abed Library
|j General shelf.
|
| 999 |
|
|
|c 12972
|d 12972
|
| 952 |
|
|
|0 0
|1 0
|4 0
|6 005_133000000000000_SED
|7 0
|9 21466
|a BRACUL
|b BRACUL
|c GEN
|d 2012-11-27
|e STS International
|g 5039.00
|l 12
|m 104
|o 005.133 SED
|p 3010026280
|r 2026-01-28
|s 2025-06-29
|t 1
|w 0000-00-00
|y BK
|x Available
|
| 952 |
|
|
|0 0
|1 0
|4 0
|6 005_133000000000000_SED
|7 0
|9 21467
|a BRACUL
|b BRACUL
|c GEN
|d 2012-11-27
|e STS International
|g 5039.00
|l 9
|m 132
|o 005.133 SED
|p 3010026281
|r 2022-03-20
|s 2020-03-05
|t 2
|w 0000-00-00
|y BK
|x Available
|
| 952 |
|
|
|0 0
|1 0
|4 0
|6 005_133000000000000_SED
|7 0
|9 21468
|a BRACUL
|b BRACUL
|c GEN
|d 2012-11-27
|e STS International
|g 5039.00
|l 10
|m 101
|o 005.133 SED
|p 3010026282
|r 2021-01-21
|s 2020-01-16
|t 3
|w 0000-00-00
|y BK
|x Available
|